LEADER 00967nam0-2200289---450 001 9910598484903321 005 20221103092355.0 035 $a000994516 035 $aFED01000994516 035 $a(Aleph)000994516FED01 100 $a20150306d1954----km-y0itay50------ba 101 0 $aita 102 $aIT 105 $ay-------001yy 200 1 $a[Recensione a] Mario Talamanca, : l'arra della compravendita in diritto greco e in diritto romano$fVolterra Edoardo 210 $aNapoli$cJovene$d1954 215 $app. 393-400$d24 cm 300 $aEstratto da: Ivra rivista internazionale di diritto romano e antico v. 5 676 $a346.074$v23$zita 700 1$aVolterra,$bEdoardo$0230387 801 0$aIT$bUNINA$gRICA$2UNIMARC 901 $aBK 912 $a9910598484903321 952 $aBibl. Solazzi Busta V 23$bs.i.$fFGBC 959 $aFGBC 996 $aMario Talamanca, : l'arra della compravendita in diritto greco e in diritto romano$92954544 997 $aUNINA